01271cam a22003373u 45000010008000000030004000080050017000120060019000290070015000480080041000630200006001040350026001100400032001360820020001681000017001882100019002052450062002242600037002863000015003234400019003385000033003575060043003907000029004337730037004628560123004998560123006229100048007459420012007939990019008059520109008247498815OSt20180116183027.0m d cr n 091201s1913 ||||||||s|||||||| ||||| d a0 a(WaSeSS)ssib001747799 aWaSeSScWaSeSSdWaSeSSerda a813.54 ROH 19671 a Sax Rohmer 10aDr. Fu -Manchu10a Dr. Fu Manchu cSax Rohmer (Arthur Henry Sarsfield Ward) aGreat BritainbCorgi Booksc1967 a189 p.bPB aDr. Fu -Manchu aTitle from content provider. aLicense restrictions may limit access.1 aRohmer, Sax,d1883-1959. 0tProject Gutenberg Online Catalog40uhttp://www.columbia.edu/cgi-bin/cul/resolve?clio7498815.001zFull text available from Project Gutenberg Online Catalog40uhttp://www.columbia.edu/cgi-bin/cul/resolve?clio7498815.002zFull text available from Project Gutenberg Online Catalog aSerials Solutions supplemental brief record 2ddccBK c350863d350863 00102ddc41708FICaCLbCLcFICd2015-12-16l0o813.54 ROH 1967pNBSD-2321r2015-12-16w2015-12-16yBK